Statistiques concernant Drapeaux de pays défilant

Cliquez ici pour prendre le quiz!

Statistiques générales

  • Ce quiz a été pris 164 fois
  • Le résultat moyen est 9 sur 12

Statistiques - réponses

Pays% Correct
Inde
98%
Honduras
84%
Andorre
83%
Laos
80%
Tadjikistan
75%
Kiribati
73%
Lesotho
73%
République centrafricaine
71%
Rwanda
70%
Erythrée
67%
Saint-Vincent-et-les-Grenadines
64%
Guinée équatoriale
59%

Distribution des résultats

Percentile par nombre de réponses

% des personnes avec chaque résultat

Votre développement - résultats

Vous n’avez pas pris ce quiz